Biggest Spanish Islands - Statistics

General Stats
  • This quiz has been taken 90 times
  • The average score is 9 of 15
Answer Stats
Area in km² Islands % Correct
3,667 Majorca
99%
577 Ibiza
97%
692 Minorca
95%
2,008 Tenerife
89%
1,530 Gran Canaria
82%
791 Lanzarote
76%
1,633 Fuerteventura
65%
690 La Palma
52%
83 Formentera
49%
370 La Gomera
46%
269 El Hierro
42%
12 Cabrera
23%
29 La Graciosa
23%
10 Alegranza
10%
10 Isla de Buda
8%
No matching quizzes found
Score Distribution
Percent of People with Each Score
Percentile by Number Answered
Your Score History
You have not taken this quiz